The corrida at San Feliu. (Record no. 119490)
[ view plain ]
| 000 -LEADER | |
|---|---|
| fixed length control field | 00611cam a2200205u 4500 |
| 001 - CONTROL NUMBER | |
| control field | 6583526 |
| 003 - CONTROL NUMBER IDENTIFIER | |
| control field | ARRUPE |
| 005 - DATE AND TIME OF LATEST TRANSACTION | |
| control field | 20131220174121.0 |
| 008 - FIXED-LENGTH DATA ELEMENTS--GENERAL INFORMATION | |
| fixed length control field | 820115s1964 enk 000 0 eng |
| 010 ## - LIBRARY OF CONGRESS CONTROL NUMBER | |
| LC control number | 64056175 |
| 040 ## - CATALOGING SOURCE | |
| Original cataloging agency | DLC |
| Transcribing agency | CarP |
| Modifying agency | DLC |
| 050 00 - LIBRARY OF CONGRESS CALL NUMBER | |
| Classification number | PZ4.S428 |
| Item number | Co2 |
| Classification number | PR6069.C596 |
| 300 ## - PHYSICAL DESCRIPTION | |
| Dimensions | 21 cm. |
| 100 1# - MAIN ENTRY--PERSONAL NAME | |
| Personal name | Scott, Paul, |
| Dates associated with a name | 1920-1978. |
| 9 (RLIN) | 6478 |
| 245 14 - TITLE STATEMENT | |
| Title | The corrida at San Feliu. |
| 260 ## - PUBLICATION, DISTRIBUTION, ETC. (IMPRINT) | |
| Place of publication, distribution, etc | London, |
| Name of publisher, distributor, etc | Secker & Warburg |
| Date of publication, distribution, etc | [1964] |
| 300 ## - PHYSICAL DESCRIPTION | |
| Extent | 316 p. |
| 700 1# - ADDED ENTRY--PERSONAL NAME | |
| Personal name | Thornhill, Edward, |
| Dates associated with a name | 1902-1962. [from old catalog] |
| 9 (RLIN) | 6479 |
| 906 ## - LOCAL DATA ELEMENT F, LDF (RLIN) | |
| a | 0 |
| b | cbc |
| c | premunv |
| d | u |
| e | ncip |
| f | 19 |
| g | y-gencatlg |
| 942 ## - ADDED ENTRY ELEMENTS (KOHA) | |
| Source of classification or shelving scheme | Library of Congress Classification |
| Koha item type | Monograph ( Printed materials) |
| Withdrawn status | Lost status | Source of classification or shelving scheme | Damaged status | Not for loan | Home library | Current library | Date acquired | Total Checkouts | Full call number | Barcode | Date last seen | Date checked out | Price effective from | Koha item type |
|---|---|---|---|---|---|---|---|---|---|---|---|---|---|---|
| Library of Congress Classification | ARRUPE LIBRARY | ARRUPE LIBRARY | 20/12/2013 | 1 | PZ4.S428 C6 | 464122877 | 03/03/2020 | 29/10/2019 | 20/12/2013 | Monograph ( Printed materials) |